The economic development of Malaya ; report of a mission organized by the International Bank for Reconstruction and Development at the request of the Governments of the Federation of Malaya, the Crown Colony of Singapore and the United Kingdom.

Bibliographic Details
Corporate Author: World Bank
Format: Book
Language:English
Published: Baltimore : Johns Hopkins Press, [1955]
Subjects:

MARC

Tag First Indicator Second Indicator Subfields
LEADER 00000cam a2200000 4500
001 in00000066916
005 20151008050808.0
008 720125s1955 mdu 00000 eng u
010 |a  55012042  
035 |a (OCoLC)00228285 
035 |9 AAG3427AM 
040 |c WSU  |d TXA  |d UtOrBLW 
049 |a TXAM  |c [266233] 
050 0 |a HC442  |b .I5 
092 |a 330.9595  |b I61e 
110 2 |a World Bank. 
245 1 4 |a The economic development of Malaya ;  |b report of a mission organized by the International Bank for Reconstruction and Development at the request of the Governments of the Federation of Malaya, the Crown Colony of Singapore and the United Kingdom. 
264 1 |a Baltimore :  |b Johns Hopkins Press,  |c [1955] 
300 |a xix, 707 pages 
336 |a text  |b txt  |2 rdacontent 
337 |a unmediated  |b n  |2 rdamedia 
338 |a volume  |b nc  |2 rdacarrier 
651 0 |a Malay Peninsula  |x Economic conditions. 
999 |a MARS 
999 f f |s 1d272515-e28c-3da2-bdd9-b291c36c2875  |i ad762d81-8486-3daa-b8fe-3e309ffcccde  |t 0 
952 f f |p ric  |a Texas A&M University  |b Rellis Campus  |c Joint Library Facility  |d Remote Storage  |t 0  |e HC442 .I5  |h Library of Congress classification  |i unmediated -- volume  |m A14800704740 
998 f f |a HC442 .I5  |t 0  |l Remote Storage